Annual report on the labour force survey : Annual report of 1968

Đã lưu trong:
Sonraí Bibleagrafaíochta
Formáid: Leabhar
Teanga:Undetermined
Foilsithe: Japan Bureau of Statistics, Office of the Prime Minister 1968
Ábhair:
Clibeanna: Cuir Clib Leis
Gan Chlibeanna, Bí ar an gcéad duine leis an taifead seo a chlibeáil!
Thư viện lưu trữ: Trung tâm Học liệu Trường Đại học Cần Thơ
LEADER 00509nam a2200181Ia 4500
001 CTU_107165
008 210402s9999 xx 000 0 und d
082 |a 331.1 
082 |b A615 
245 0 |a Annual report on the labour force survey : 
245 0 |b Annual report of 1968 
260 |a Japan 
260 |b Bureau of Statistics, Office of the Prime Minister 
260 |c 1968 
650 |a Labor supply 
650 |z Japan 
904 |i M.Loan 
980 |a Trung tâm Học liệu Trường Đại học Cần Thơ